000 00741nam a2200253 i 4500
003 DO-SdBNP
005 20230927103913.0
007 ta
008 110413s1955 dr 000 0 spa d
040 _aDO-SdBNP
_bspa
_cBNPHU
_erda
082 _bR426L
_222
100 _952164
110 _aRepública Dominicana [Leyes, etc.]
_911088
245 1 0 _aLey de alfabetización obligatoria para adultos
264 1 _aCiudad Trujillo :
_bSecretaria de Estado de Educación y Bellas Artes,
_c1955
300 _a10 páginas
_c23 cm.
336 _2rdacontent
_atexto
_btxt
337 _2rdamedia
_asin mediación
_bn
338 _2rdacarrier
_avolumen
_bnc
500 _a
590 _aInventariado, 2023/ DG
910 _aDG
942 _2ddc
_cLF2
999 _c54964
_d54964